Score 0/54 Timer 05:00
0 Plays Today
Clue 4-Letter Word % Correct
Location for swimmingPOOL
98.3%
Of low quality; lacking in money• POOR •
98%
April 1st celebrantFOOL
98%
Thorny flowerROSE
97.1%
'_____ Some Sugar on Me'POUR
97%
Assume a position for a photoPOSE
96.6%
Substance that provides nutritionFOOD
96.3%
Ascend, like the Sun at dawnRISE
96%
'_____, There, and Everywhere'HERE
94.3%
Perceive with one's earsHEAR
94.1%
To employ someone for workHIRE
94%
Location for the brainHEAD
94%
To dismiss someone from workFIRE
93.6%
Group of cattleHERD
93.5%
Top of a mountainPEAK
93.2%
'_____ of the Rings'LORD
93.2%
Excellent; high quality• GOOD •
92.6%
Washington's most prominent paperPOST
92.2%
To show sadness on one's facePOUT
92.2%
To don as clothingWEAR
91.8%
Mild coffee; lacking in strength• WEAK •
91.6%
Prepare for a trip or a movePACK
91.1%
Center of the EarthCORE
90%
Ring someone on the phoneCALL
89.9%
Taste with one's tongueLICK
88.8%
To go withoutLACK
87.4%
Batman portrayer ChristianBALE
86.8%
Clue 4-Letter Word % Correct
Ointment for the skin or lipsBALM
86%
Serene; pacified• CALM •
85.9%
Of high volume; brash• LOUD •
85.9%
Fluid secreted by the liverBILE
85.3%
Partner of 'bushel', in songPECK
85.2%
Traditions and knowledgeLORE
84.9%
Wishing location?WELL
84.1%
'The Handmaid's _____'TALE
84.1%
Fierce; undomesticated• WILD •
84%
Of great heightTALL
83.8%
Join two metals togetherWELD
83.4%
Folklore legend WilliamTELL
81.2%
Package of humanitarian aidCARE
80.3%
Hall of Fame WR JerryRICE
80.2%
Paxton or Pullman, e.g.BILL
80.2%
Solid and unyielding; inflexible• FIRM •
80.2%
Future tense verbWILL
80.1%
Rick's son on 'The Walking Dead'CARL
78.9%
To arrange in groupsSORT
77.6%
Domesticated• TAME •
77.4%
Army postFORT
76.5%
Shape or configurationFORM
76.3%
Uncouth maleLOUT
73.8%
Flexible; quiet, as music• SOFT •
72.9%
Room under the roofLOFT
72.2%
Abundant in resources; strong coffee• RICH •
70.5%
Undead spirit in fantasyLICH
63.8%

Today's Daily Dose

Remove Ads.
Support Sporcle.
Get the best of Sporcle when you Go Orange. This ad-free experience offers more features, more stats, and more fun while also helping to support Sporcle. Thank you for becoming a member.

You're not logged in!

Compare scores with friends on all Sporcle quizzes.
OR
Log In

Show Comments

Extras

Top Quizzes Today


Score Distribution

Your Account Isn't Verified!

In order to create a playlist on Sporcle, you need to verify the email address you used during registration. Go to your Sporcle Settings to finish the process.

Report this User

Report this user for behavior that violates our Community Guidelines.

Details: